|
|
|
|
| LEADER |
00000nam a2200000 a 4500 |
| 001 |
vtls008357684 |
| 003 |
SK-MaSNL |
| 005 |
20260301204840.0 |
| 008 |
190102s1969 xo 000 hun |
| 015 |
|
|
|a SKSNBA1969/04-00558
|
| 035 |
|
|
|a SK01SNK19690049901
|
| 035 |
|
|
|a SKM000052364
|
| 040 |
|
|
|a SNK
|b slo
|c SNK
|e AACR2
|
| 041 |
1 |
|
|a hun
|
| 044 |
|
|
|a xo
|c SK
|
| 080 |
|
|
|a 323.2(439)"1919":943.9(084.1)=945.11
|2 1981
|
| 080 |
|
|
|a 943.9(084.1)=945.11
|2 1981
|
| 100 |
1 |
|
|a Zalka, Miklós
|4 aut
|9 590183
|
| 245 |
1 |
0 |
|a Mindenkihez!
|b a Magyar Tanácsköztársaság története
|c Zalka Miklós
|
| 260 |
|
|
|a Bratislava
|b Madách Könyvkiadó
|c 1969
|e Budapest
|f Kossuth Nyomda
|
| 300 |
|
|
|a 158, [2] s., 4 fareb. obr. reprod.
|c 4°
|
| 490 |
1 |
|
|a Képes történelem
|
| 500 |
|
|
|a Chronolog. tb. Fot. Mp. Opr. Tit. dvojlist
|
| 563 |
|
|
|a 300+32700 výtl. pre Móra Ferenc Könyvkiadó, Budapest
|
| 651 |
|
7 |
|a Maďarská republika rád (1919)
|2 SNK
|9 201948
|
| 655 |
|
7 |
|a obrazové publikácie
|2 SNKPH
|9 70343
|
| 830 |
|
0 |
|a Képes történelem
|9 308278
|
| 852 |
|
|
|a Slovenská národná knižnica v Martine
|b 10000
|h SB 15030
|
| 852 |
|
|
|a Slovenská národná knižnica v Martine
|b 10000
|h SB 15030 D1
|
| 919 |
|
|
|a viaz.
|
| 958 |
|
|
|a TL
|
| 958 |
|
|
|a RK
|
| 999 |
|
|
|c 907960
|d 909890
|
| 952 |
|
|
|a SNK
|b SNK
|y VYP
|7 0
|p 17A1317714
|o snkSB 15030 D1
|i snkKSP 3565/69
|0 0
|1 0
|4 0
|d 2024-09-26
|l 0
|r 2026-02-24 07:34:57
|w 2026-02-24
|